Propuesta de anteproyecto de circuito turístico Mil Flores El Crucero/Managua

Presenta una propuesta de anteproyecto de circuito turístico Mil Flores Municipio El Crucero/Managua, en el que se determina la gestión de los espacios naturales, desde el punto de vista de las estrictas políticas de conservación, es incorporar un balance entre el uso público recreativo y los e...

Full description

Bibliographic Details
Main Authors: Gutiérrez Guillen, José Santos, López Castrillo, Maynor José, Gutiérrez Soza, Antonio de Jesús
Other Authors: Tutor: Mendoza Velásquez, Francisco Antonio
Format: Tesis Section = Libro
Language:Undetermined
Spanish
Published: Managua UNI 2014
Subjects:
LEADER 01258nam a2200277Ia 4500
008 240830s9999 xx 000 0 und d
040 |a BIBLIOTECA-RUSB/ Mon 719.3 G984 
041 |a spa 
082 |a Mon 719.3 G984 
100 1 |a Gutiérrez Guillen, José Santos 
100 1 |b López Castrillo, Maynor José 
100 1 |c Gutiérrez Soza, Antonio de Jesús 
245 1 0 |a Propuesta de anteproyecto de circuito turístico Mil Flores El Crucero/Managua 
260 |a Managua  |b UNI  |c 2014 
300 |a 131 p. :il. 
500 |a Contiene: anexos e Incluye: CD. 
502 |a Tesis (Arquitecto) - UNI, 2014. 
520 3 |a Presenta una propuesta de anteproyecto de circuito turístico Mil Flores Municipio El Crucero/Managua, en el que se determina la gestión de los espacios naturales, desde el punto de vista de las estrictas políticas de conservación, es incorporar un balance entre el uso público recreativo y los espacios protegidos. 
650 7 |a DISEÑO ARQUITECTONICO-TURISTICO 
650 7 |b  ARQUITECTURA-DISEÑOS Y PLANOS 
650 7 |c  EMPLAZAMIENTO DE INFRAESTRUCTURA TURISTICA-MONTAÑA 
650 7 |d  TURISMO RURAL 
700 1 |a Tutor:  |b Mendoza Velásquez, Francisco Antonio 
942 |c BK  |2 ddc 
991 |a TESIS 
999 |c 21106